Seismic loads
This book contains a description of several models of seismic effects and examples of implementation of these models at specific sites. Using this information, scientists and engineers can design structures that are stronger, safer, and longer-lasting. It is a must-have for any scientist, engineer...
Guardado en:
| Autor principal: | |
|---|---|
| Formato: | Libro |
| Lenguaje: | Undetermined |
| Publicado: |
Hoboken
John Wiley & Sons, Inc.
2016
|
| Materias: | |
| Etiquetas: |
Agregar Etiqueta
Sin Etiquetas, Sea el primero en etiquetar este registro!
|
| Thư viện lưu trữ: | Trung tâm Học liệu Trường Đại học Cần Thơ |
|---|
| LEADER | 00970nam a2200205Ia 4500 | ||
|---|---|---|---|
| 001 | CTU_207767 | ||
| 008 | 210402s9999 xx 000 0 und d | ||
| 020 | |c 3717000 | ||
| 082 | |a 624.1762 | ||
| 082 | |b L981 | ||
| 100 | |a Lyatkher, Victor M. | ||
| 245 | 0 | |a Seismic loads | |
| 245 | 0 | |c Victor M. Lyatkher | |
| 260 | |a Hoboken | ||
| 260 | |b John Wiley & Sons, Inc. | ||
| 260 | |c 2016 | ||
| 520 | |a This book contains a description of several models of seismic effects and examples of implementation of these models at specific sites. Using this information, scientists and engineers can design structures that are stronger, safer, and longer-lasting. It is a must-have for any scientist, engineer, or student working in or researching seismic loads and constructions with a view toward withstanding seismic activity. | ||
| 650 | |a Earthquake engineering,Kỹ thuật địa chấn | ||
| 904 | |i Hải | ||
| 980 | |a Trung tâm Học liệu Trường Đại học Cần Thơ | ||